[Event "Ostravský koník 2014 - FIDE Open veteránù"]
[Site "Ostrava, CZE"]
[Date "2014.04.30"]
[Round "5"]
[White "Herman, Pavel"]
[Black "Pokora, Lubomir"]
[Result "1/2-1/2"]
[WhiteElo "1706"]
[BlackElo "1892"]
[PlyCount "95"]

1. c4 e5 2. Nc3 Nc6 3. Nf3 Nf6 4. d4 exd4 5. Nxd4 Ne5 6. Qb3 Bc5 7. Be3 d6 8.
h3 O-O 9. O-O-O a5 10. Nc2 Bxe3+ 11. Nxe3 b6 12. Rg1 Nfd7 13. a3 Nc5 14. Qc2 a4
15. Kb1 f5 16. f4 Ng6 17. g3 Ne7 18. Bg2 Ra5 19. Nb5 Bd7 20. Nd4 Qc8 21. Bf3
Ne6 22. Nxe6 Bxe6 23. Qc3 Rc5 24. g4 g6 25. gxf5 Nxf5 26. Nxf5 Rfxf5 27. Rd4 b5
28. Bg4 Rf7 29. Qe3 Bf5+ 30. Ka1 bxc4 31. Qd2 Qe6 32. e4 Bxg4 33. hxg4 Qf6 34.
f5 gxf5 35. exf5 Rg7 36. Qe3 Re5 37. Qd2 Rxf5 38. Rxc4 Rf1+ 39. Rc1 Rxg1 40.
Rxg1 Rf7 41. Qd5 Qf4 42. g5 Kg7 43. Qh1 Qc4 44. Re1 Kg8 45. Qh3 c5 46. Qg2 Kg7
47. Qh3 Kf8 48. Rh1 1/2-1/2

[Event "Ostravský koník 2014 - FIDE Open veteránù"]
[Site "Ostrava, CZE"]
[Date "2014.04.30"]
[Round "5"]
[White "Puobis, Jozef"]
[Black "Doskar, Miloslav"]
[Result "1-0"]
[WhiteElo "1869"]
[BlackElo "1703"]
[PlyCount "95"]

1. d4 Nf6 2. Nf3 e6 3. Bg5 Be7 4. e3 O-O 5. Bd3 h6 6. Bh4 b6 7. O-O Bb7 8. Nbd2
d6 9. c3 Nbd7 10. h3 c5 11. Qe2 Re8 12. e4 a6 13. Rfe1 e5 14. dxe5 dxe5 15.
Rad1 Qc7 16. Bg3 b5 17. c4 b4 18. Bc2 Bf8 19. Ba4 Bc6 20. Bxc6 Qxc6 21. b3 a5
22. Nh2 Rad8 23. Nhf1 g6 24. Bh2 h5 25. f3 Bh6 26. Ne3 Nf8 27. Nd5 N6d7 28. h4
Ne6 29. Qf2 Nd4 30. g4 hxg4 31. fxg4 g5 32. Rf1 f5 33. gxf5 Kf7 34. Nf3 Nxf3+
35. Qxf3 g4 36. Qe2 Rg8 37. Bg3 a4 38. f6 Qb7 39. Rf5 Qb8 40. Rdf1 Rde8 41. Ne7
Rh8 42. Qd3 Qb7 43. Bxe5 Nxe5 44. Rxe5 Rd8 45. Rd5 Qc7 46. e5 Rxd5 47. Qxd5+
Ke8 48. f7+ 1-0

[Event "Ostravský koník 2014 - FIDE Open veteránù"]
[Site "Ostrava, CZE"]
[Date "2014.04.30"]
[Round "5"]
[White "Perik, Alois"]
[Black "Jaros, Bohumil"]
[Result "1/2-1/2"]
[WhiteElo "1838"]
[BlackElo "2000"]
[PlyCount "34"]

1. c4 e5 2. Nc3 Nf6 3. g3 d5 4. cxd5 Nxd5 5. Bg2 Nxc3 6. bxc3 c6 7. d3 Bc5 8.
Qc2 Be6 9. Nf3 Nd7 10. O-O O-O 11. d4 exd4 12. cxd4 Be7 13. Rb1 Qc8 14. Ng5
Bxg5 15. Bxg5 h6 16. Bf4 Nb6 17. Qb2 Rd8 1/2-1/2

[Event "Ostravský koník 2014 - FIDE Open veteránù"]
[Site "Ostrava, CZE"]
[Date "2014.04.30"]
[Round "5"]
[White "Biza, Miroslav"]
[Black "Koudelka, Milos"]
[Result "1/2-1/2"]
[WhiteElo "1928"]
[BlackElo "1758"]
[PlyCount "52"]

1. d4 Nf6 2. c4 g6 3. Nc3 Bg7 4. e4 d6 5. Be2 O-O 6. Bg5 Nbd7 7. f4 e5 8. fxe5
dxe5 9. dxe5 Nxe5 10. Qxd8 Rxd8 11. Nd5 Rxd5 12. exd5 Bf5 13. O-O-O Ne4 14. Bh4
Nc5 15. Nf3 Nxf3 16. gxf3 Bh6+ 17. Rd2 Re8 18. Kd1 Bxd2 19. Kxd2 Kg7 20. b4 Nd7
21. Bf2 f6 22. Bd4 Kf7 23. c5 Rd8 24. f4 Be4 25. Rc1 Bxd5 26. a4 a6 1/2-1/2

[Event "Ostravský koník 2014 - FIDE Open veteránù"]
[Site "Ostrava, CZE"]
[Date "2014.04.30"]
[Round "5"]
[White "Rechtenberg, Karel"]
[Black "Kosar st., Mikulas"]
[Result "1-0"]
[WhiteElo "1903"]
[BlackElo "1731"]
[PlyCount "37"]

1. e4 e5 2. f4 d5 3. exd5 Qxd5 4. Nc3 Qe6 5. Qe2 exf4 6. Nf3 Qxe2+ 7. Bxe2 c6
8. Bc4 Bf5 9. d3 Bd6 10. O-O f6 11. Re1+ Ne7 12. Nh4 Bc5+ 13. Kf1 Bg6 14. Bxf4
Bf7 15. Ne4 Bxc4 16. Nxc5 b6 17. dxc4 bxc5 18. Bd6 Kd7 19. Bxe7 1-0

[Event "Ostravský koník 2014 - FIDE Open veteránù"]
[Site "Ostrava, CZE"]
[Date "2014.04.30"]
[Round "5"]
[White "Kanovsky, Jan"]
[Black "Trojek, Miroslav"]
[Result "1-0"]
[WhiteElo "1728"]
[BlackElo "1901"]
[PlyCount "115"]

1. e4 e6 2. d4 d5 3. Nc3 Bb4 4. e5 Ne7 5. a3 Bxc3+ 6. bxc3 c5 7. Qg4 Nf5 8. Bd3
h5 9. Qf4 Qh4 10. Nf3 Qxf4 11. Bxf4 c4 12. Bxf5 exf5 13. a4 Bd7 14. O-O O-O 15.
a5 Bc6 16. Rfe1 Re8 17. Bc1 Nd7 18. Ba3 Nf8 19. Bxf8 Kxf8 20. Ng5 Bd7 21. f4
Be6 22. Nf3 Rac8 23. Reb1 Rc7 24. Rb5 Ree7 25. h4 Ke8 26. Nh2 Kd8 27. Nf1 Kc8
28. Ne3 Red7 29. Rab1 Rc6 30. Kf2 a6 31. R5b4 Rcc7 32. Ke1 Rc6 33. Kd2 Rcc7 34.
Nd1 Re7 35. Rb6 Bd7 36. R6b4 Be6 37. Kc1 Bd7 38. Kb2 Be6 39. Ka3 Kb8 40. Rb6
Kc8 41. Nb2 Bd7 42. Rb4 Bb5 43. Nd1 Bd7 44. Ne3 Be6 45. Rb6 Kd8 46. Rd6+ Red7
47. Rbb6 Ke7 48. Kb4 Kd8 49. Rxd7+ Kxd7 50. Rd6+ Ke8 51. Nxd5 Rc8 52. Ne3 Ke7
53. d5 Bd7 54. Nxc4 Bb5 55. Ne3 Bd7 56. Rb6 g6 57. Rxb7 Ke8 58. c4 1-0

[Event "Ostravský koník 2014 - FIDE Open veteránù"]
[Site "Ostrava, CZE"]
[Date "2014.04.30"]
[Round "5"]
[White "Lexa, Vaclav"]
[Black "Novotny, Petr"]
[Result "0-1"]
[WhiteElo "1895"]
[BlackElo "1661"]
[PlyCount "52"]

1. d4 Nf6 2. c4 e6 3. Nc3 Bb4 4. f3 O-O 5. e4 d5 6. cxd5 exd5 7. e5 Nfd7 8. a3
Bxc3+ 9. bxc3 Re8 10. Bd3 c5 11. Ne2 cxd4 12. cxd4 Nc6 13. O-O Nf8 14. Be3 Bd7
15. Qd2 Qa5 16. Qb2 Qd8 17. f4 f5 18. Nc3 Ne7 19. Rfc1 Qb8 20. Rab1 b6 21. Rc2
Rc8 22. Rbc1 Rc7 23. Ba6 Qd8 24. Qb3 Bc8 25. Bxc8 Raxc8 26. Nxd5 Qxd5 0-1

[Event "Ostravský koník 2014 - FIDE Open veteránù"]
[Site "Ostrava, CZE"]
[Date "2014.04.30"]
[Round "5"]
[White "Linart, Ludvik"]
[Black "Plesnik, Miroslav"]
[Result "1/2-1/2"]
[WhiteElo "1609"]
[BlackElo "1877"]
[PlyCount "20"]

1. d4 d5 2. c4 e6 3. Nc3 Nf6 4. Bg5 Be7 5. Bxf6 Bxf6 6. cxd5 exd5 7. Nf3 O-O 8.
e3 c6 9. Be2 Bg4 10. O-O Nd7 1/2-1/2

[Event "Ostravský koník 2014 - FIDE Open veteránù"]
[Site "Ostrava, CZE"]
[Date "2014.04.30"]
[Round "5"]
[White "Chlevistan, Jaromir"]
[Black "Ludvicek, Josef"]
[Result "1/2-1/2"]
[WhiteElo "1581"]
[BlackElo "1867"]
[PlyCount "83"]

1. d4 d5 2. Nf3 c6 3. e3 Nf6 4. c4 Bf5 5. Nc3 e6 6. h3 h6 7. a3 Bd6 8. Bd3 dxc4
9. Bxc4 O-O 10. O-O Nbd7 11. Bd3 Bh7 12. Bxh7+ Nxh7 13. b3 a5 14. Bb2 Qe7 15.
Re1 Rfd8 16. Qe2 Ng5 17. Nxg5 hxg5 18. Ne4 Bc7 19. Qh5 f6 20. a4 Qf7 21. Qxf7+
Kxf7 22. Red1 Rab8 23. Rac1 Rh8 24. Nc5 Nb6 25. e4 Rhd8 26. g3 g6 27. Kg2 Nd7
28. Nxd7 Rxd7 29. Rc2 Rbd8 30. Rcd2 e5 31. Bc3 exd4 32. Rxd4 Rxd4 33. Rxd4 Rxd4
34. Bxd4 Ke6 35. Kf3 Bd8 36. Ke2 Kd6 37. Kd3 f5 38. f3 Ke6 39. g4 Bc7 40. Be3
Bd8 41. Bd4 Bc7 42. Be3 1/2-1/2

[Event "Ostravský koník 2014 - FIDE Open veteránù"]
[Site "Ostrava, CZE"]
[Date "2014.04.30"]
[Round "5"]
[White "Sumbera, Antonin"]
[Black "Micka, Jaroslav"]
[Result "0-1"]
[WhiteElo "1671"]
[BlackElo "1837"]
[PlyCount "55"]

1. e4 c5 2. Nf3 d6 3. d4 cxd4 4. Nxd4 Nf6 5. Nc3 g6 6. h3 Bg7 7. Bc4 O-O 8. O-O
Nc6 9. Bg5 Bd7 10. Nb3 a6 11. Qc1 Rc8 12. f4 b5 13. Bd3 Nb4 14. a3 Nxd3 15.
cxd3 Qb6+ 16. Kh1 Be6 17. Qd1 Rc7 18. f5 Bxb3 19. Qxb3 Qd4 20. Ne2 Qa7 21. fxg6
hxg6 22. Rac1 Rxc1 23. Rxc1 Qf2 24. Rc2 Re8 25. Nf4 Qe1+ 26. Kh2 Nh5 27. Nxh5
gxh5 28. Rc1 0-1

[Event "Ostravský koník 2014 - FIDE Open veteránù"]
[Site "Ostrava, CZE"]
[Date "2014.04.30"]
[Round "5"]
[White "Lavrisin, Jan"]
[Black "Divis, Jan"]
[Result "1-0"]
[WhiteElo "1620"]
[BlackElo "1727"]
[PlyCount "71"]

1. d4 Nf6 2. Nf3 d5 3. g3 c6 4. c4 dxc4 5. Bg2 Bf5 6. O-O e6 7. Ne5 Be7 8. Nxc4
O-O 9. Nc3 Nbd7 10. Bf4 Nd5 11. Nxd5 exd5 12. Nd6 Bxd6 13. Bxd6 Re8 14. Re1 Nb6
15. Bb4 a5 16. Bc3 a4 17. e3 Qd7 18. a3 Nc4 19. Bf1 Nd6 20. f3 b5 21. g4 Bg6
22. Bd3 Bxd3 23. Qxd3 Re6 24. Re2 Rae8 25. Rae1 g6 26. h3 f5 27. Bb4 fxg4 28.
hxg4 Nc4 29. Kg2 Qf7 30. Bc3 Rf8 31. e4 dxe4 32. Rxe4 Rxe4 33. Rxe4 Nd6 34. Re2
Qc4 35. Qd2 Qd5 36. Qd3 1-0

[Event "Ostravský koník 2014 - FIDE Open veteránù"]
[Site "Ostrava, CZE"]
[Date "2014.04.30"]
[Round "5"]
[White "Bebek, Ivan"]
[Black "Bystron, Vladislav"]
[Result "1-0"]
[WhiteElo "1375"]
[BlackElo "1751"]
[PlyCount "79"]

1. d4 e6 2. a3 b6 3. Nf3 Bb7 4. g3 d6 5. Bg2 Nd7 6. c4 Ngf6 7. Nc3 h6 8. O-O
Be7 9. Qc2 O-O 10. Bd2 a5 11. e4 Ba6 12. b3 c6 13. Rfe1 Rc8 14. Na2 b5 15. Bf1
Qb6 16. Be3 Ng4 17. Bd2 e5 18. Bh3 Ndf6 19. Qc3 Rc7 20. Qxa5 Qxa5 21. Bxa5 Rb7
22. Nb4 Ra7 23. Nxc6 Rd7 24. Nxe7+ Rxe7 25. dxe5 dxe5 26. Bb4 Rc7 27. Bxf8 Kxf8
28. Bxg4 Nxg4 29. h3 Nf6 30. Nxe5 bxc4 31. Red1 cxb3 32. Rab1 Rb7 33. Nc6 g6
34. e5 Ne4 35. Rb2 Nc3 36. Rd8+ Kg7 37. Nb4 Bc4 38. Ra8 Nd1 39. Rd2 Nc3 40.
Rad8 1-0

[Event "Ostravský koník 2014 - FIDE Open veteránù"]
[Site "Ostrava, CZE"]
[Date "2014.04.30"]
[Round "5"]
[White "Tretina, Zdenek"]
[Black "Pisa, Lubomir"]
[Result "1/2-1/2"]
[WhiteElo "1740"]
[BlackElo "1557"]
[PlyCount "93"]

1. d4 d5 2. c4 e6 3. Nc3 Nf6 4. Nf3 Nbd7 5. e3 c6 6. Bd3 dxc4 7. Bxc4 Be7 8.
O-O O-O 9. Re1 Nd5 10. Bd2 N7b6 11. Bb3 Bd7 12. Rc1 Rc8 13. e4 Nxc3 14. Bxc3 c5
15. Ne5 c4 16. Nxd7 Qxd7 17. Bc2 Bg5 18. Rb1 Bf6 19. e5 Be7 20. Re3 Nd5 21.
Bxh7+ Kxh7 22. Qh5+ Kg8 23. Rh3 f6 24. g3 fxe5 25. Qxe5 Rf5 26. Qe2 Nxc3 27.
bxc3 b5 28. Rh5 Rcf8 29. Rxf5 Rxf5 30. g4 Rf8 31. Re1 Bh4 32. Rf1 Qd5 33. f3
Bg5 34. h3 Be7 35. Kg2 a5 36. Re1 Kh8 37. Qe5 Bf6 38. Qxe6 Qxe6 39. Rxe6 b4 40.
cxb4 axb4 41. Rc6 c3 42. Rc4 Rb8 43. f4 Be7 44. d5 Ra8 45. Rc7 Rxa2+ 46. Kf3 c2
47. Ke2 1/2-1/2

[Event "Ostravský koník 2014 - FIDE Open veteránù"]
[Site "Ostrava, CZE"]
[Date "2014.04.30"]
[Round "5"]
[White "Zdrazila, Jaromir"]
[Black "Sudolsky, Jan"]
[Result "1/2-1/2"]
[WhiteElo "1547"]
[BlackElo "1546"]
[PlyCount "107"]

1. e4 e6 2. Nf3 d5 3. exd5 exd5 4. d4 Bg4 5. Qd3 Qe7+ 6. Be2 g6 7. Be3 Nc6 8.
c3 Bf5 9. Qd1 Nf6 10. h3 Ne4 11. Bf4 Bg7 12. Nbd2 O-O 13. O-O a6 14. Re1 Qd7
15. Nh4 Bxh3 16. gxh3 g5 17. Bg4 f5 18. Nxe4 dxe4 19. Bxg5 fxg4 20. hxg4 Qf7
21. Qe2 Bf6 22. Bh6 Bxh4 23. Bxf8 Rxf8 24. Rf1 Qf3 25. Qxf3 Rxf3 26. Kg2 Rf4
27. f3 Rxf3 28. Rxf3 exf3+ 29. Kxf3 Kf7 30. Rh1 Bf6 31. Rxh7+ Bg7 32. Rh5 Ne7
33. Ke4 Kg6 34. c4 c6 35. b4 Bh6 36. d5 cxd5+ 37. cxd5 Bd2 38. d6 Nc6 39. b5
axb5 40. Rxb5 Nd8 41. a4 Kf6 42. Rd5 Bb4 43. d7 Ke6 44. g5 Bf8 45. Rf5 Bg7 46.
Rd5 Bf8 47. g6 Bg7 48. Rd2 Ke7 49. Rh2 Kxd7 50. Rh7 Ne6 51. Kf5 Kd6 52. Rxg7
Nxg7+ 53. Kf6 Nh5+ 54. Kg5 1/2-1/2

[Event "Ostravský koník 2014 - FIDE Open veteránù"]
[Site "Ostrava, CZE"]
[Date "2014.04.30"]
[Round "5"]
[White "Hruska, Stanislav"]
[Black "Pirhala, Ladislav"]
[Result "0-1"]
[WhiteElo "1491"]
[BlackElo "1481"]
[PlyCount "100"]

1. e4 c6 2. d4 d5 3. e5 Bf5 4. Nf3 h6 5. Be2 e6 6. Bd2 Nd7 7. Nc3 Qc7 8. Nh4
Bh7 9. Bh5 g6 10. Be2 O-O-O 11. Bd3 g5 12. Nf3 a6 13. h3 c5 14. Bxh7 Rxh7 15.
Be3 cxd4 16. Qxd4 Bc5 17. Qd3 Rh8 18. O-O-O Bxe3+ 19. Qxe3 Ne7 20. g4 Ng6 21.
Rhe1 Nf4 22. Rg1 Nxh3 23. Rg3 Nf4 24. Na4 Kb8 25. b3 Rc8 26. Rd2 Qa5 27. Kb2
Nc5 28. Nxc5 Rxc5 29. Nd4 Rhc8 30. Ne2 Nxe2 31. Qxe2 Qc7 32. Rgd3 Rc3 33. Rd4
Rh3 34. Rb4 Qc3+ 35. Ka3 Ka7 36. f4 Qc5 37. Ka4 Qc6+ 38. Ka3 Ra8 39. fxg5 hxg5
40. Qf2+ Kb8 41. Qxf7 a5 42. Qf8+ Ka7 43. Qxa8+ Kxa8 44. Ra4 Qc5+ 45. Kb2 b6
46. c4 Kb7 47. Rc2 d4 48. a3 Qxe5 49. Rd2 Rh1 50. Kc2 Qe4+ 0-1

[Event "Ostravský koník 2014 - FIDE Open veteránù"]
[Site "Ostrava, CZE"]
[Date "2014.04.30"]
[Round "5"]
[White "Krivohlavek, Josef"]
[Black "Fiser, Otakar"]
[Result "1/2-1/2"]
[WhiteElo "1500"]
[BlackElo "1610"]
[PlyCount "37"]

1. d4 Nf6 2. c4 g6 3. Nc3 Bg7 4. e4 d6 5. Nf3 O-O 6. Be2 e5 7. d5 Nbd7 8. Be3
Ng4 9. Bg5 Bf6 10. Bd2 Bg7 11. h3 Ngf6 12. Be3 b6 13. b4 Nh5 14. Nd2 Nf4 15.
Bxf4 exf4 16. Rc1 Ne5 17. Nf3 a6 18. O-O Nxf3+ 19. Bxf3 1/2-1/2

[Event "Ostravský koník 2014 - FIDE Open veteránù"]
[Site "Ostrava, CZE"]
[Date "2014.05.01"]
[Round "6"]
[White "Macura, Emil"]
[Black "Briza, Jiri"]
[Result "1/2-1/2"]
[WhiteElo "1997"]
[BlackElo "1910"]
[PlyCount "71"]

1. d4 f5 2. g3 e6 3. Bg2 Nf6 4. c4 Bb4+ 5. Nd2 Nc6 6. e3 O-O 7. Ne2 d6 8. O-O
Bxd2 9. Bxd2 a5 10. a3 Bd7 11. b4 axb4 12. axb4 Ne4 13. Qc2 d5 14. c5 g5 15. f3
Nxd2 16. Qxd2 Ne7 17. Nc3 Ng6 18. Rae1 c6 19. Ra1 Qc7 20. f4 g4 21. Na4 Ne7 22.
Nb6 Rxa1 23. Rxa1 Nc8 24. Nxc8 Rxc8 25. Ra7 Rb8 26. Qa2 Qd8 27. Bf1 h5 28. Kf2
h4 29. Qa5 Qxa5 30. bxa5 h3 31. Ke2 Kf8 32. Kd2 Ke8 33. Kc3 Kd8 34. Bd3 Bc8 35.
Be2 Bd7 36. Bd3 1/2-1/2

[Event "Ostravský koník 2014 - FIDE Open veteránù"]
[Site "Ostrava, CZE"]
[Date "2014.05.01"]
[Round "6"]
[White "Jamka, Bretislav"]
[Black "Krouzel, Jaroslav"]
[Result "0-1"]
[WhiteElo "2059"]
[BlackElo "2135"]
[PlyCount "157"]

1. d4 f5 2. e4 fxe4 3. Nc3 Nf6 4. Bg5 e6 5. Nxe4 Be7 6. Nxf6+ Bxf6 7. h4 d5 8.
Bd3 Nc6 9. Qh5+ Kf8 10. Nf3 Qe8 11. Qxe8+ Kxe8 12. c3 Bd7 13. O-O-O Nd8 14.
Rde1 Rc8 15. Kb1 a6 16. h5 h6 17. Bxf6 gxf6 18. Nh4 Rg8 19. Re3 c5 20. Nf5 Nf7
21. dxc5 Rxc5 22. Nd4 e5 23. Bg6 Kf8 24. Nb3 Rc7 25. Rd1 Bc6 26. f3 Nh8 27. f4
Nxg6 28. hxg6 exf4 29. Rf3 Rxg6 30. Nd4 Re7 31. Rdf1 Rxg2 32. Rxf4 Rg6 33.
Rxf6+ Kg7 34. R6f5 Kh7 35. a3 a5 36. b4 axb4 37. axb4 Rg5 38. Rf6 Bd7 39. Nf5
Bxf5+ 40. R6xf5 Rxf5 41. Rxf5 Rd7 42. Kc2 Kg6 43. Re5 h5 44. Kd3 h4 45. Ke3 h3
46. Kf2 h2 47. Kg2 Rh7 48. Kh1 Rh5 49. Re7 Rh3 50. Rxb7 Rxc3 51. Rd7 Rd3 52.
Kxh2 Kf5 53. Kg2 Ke4 54. Kf2 Rb3 55. Ke2 Kd4 56. Rh7 Rb2+ 57. Kd1 Kc4 58. Rb7
d4 59. b5 Kd3 60. Kc1 Rc2+ 61. Kd1 Ra2 62. Kc1 Ra1+ 63. Kb2 Kd2 64. Rd7 d3 65.
Rd5 Ke3 66. Re5+ Kd4 67. Re8 d2 68. Rd8+ Ke3 69. Kc3 d1=Q 70. Rxd1 Rxd1 71. Kc4
Ke4 72. Kc5 Ke5 73. Kc6 Ke6 74. b6 Rc1+ 75. Kb7 Kd7 76. Kb8 Kc6 77. b7 Kb6 78.
Ka8 Ra1+ 79. Kb8 0-1

[Event "Ostravský koník 2014 - FIDE Open veteránù"]
[Site "Ostrava, CZE"]
[Date "2014.05.01"]
[Round "6"]
[White "Vinklarek, Vlastimil"]
[Black "Zlebcik, Ladislav"]
[Result "1/2-1/2"]
[WhiteElo "1762"]
[BlackElo "1889"]
[PlyCount "39"]

1. d4 d5 2. c4 e6 3. Nc3 Nf6 4. Nf3 c6 5. e3 Nbd7 6. Bd3 Bd6 7. O-O O-O 8. Qc2
dxc4 9. Bxc4 b5 10. Bd3 a6 11. a3 Bb7 12. b4 e5 13. Ne4 Nxe4 14. Bxe4 h6 15.
Bb2 Qc7 16. Rad1 Rfe8 17. dxe5 Nxe5 18. Nxe5 Bxe5 19. Bxe5 Rxe5 20. Bf3 1/2-1/2

[Event "Ostravský koník 2014 - FIDE Open veteránù"]
[Site "Ostrava, CZE"]
[Date "2014.05.01"]
[Round "6"]
[White "Vlcek, Antonin"]
[Black "Korinek, Jaroslav"]
[Result "1/2-1/2"]
[WhiteElo "1835"]
[BlackElo "1810"]
[PlyCount "121"]

1. e4 e5 2. Nf3 Nc6 3. Bb5 a6 4. Ba4 Nf6 5. O-O Be7 6. Re1 b5 7. Bb3 O-O 8. c3
d6 9. h3 Na5 10. Bc2 c5 11. d4 Qc7 12. Nbd2 c4 13. Nf1 Bd7 14. Ng3 g6 15. Bh6
Rfd8 16. Qd2 Ne8 17. Rad1 Ng7 18. Ng5 f6 19. Nf3 Ra7 20. h4 Be8 21. Nh2 Qc8 22.
Qe3 Rb7 23. Qf3 b4 24. Ng4 Nc6 25. d5 Nb8 26. cxb4 Rxb4 27. Nxf6+ Bxf6 28. Qxf6
Rb7 29. Bg5 Rdd7 30. h5 Rxb2 31. Rc1 Qc7 32. h6 Nh5 33. Nxh5 gxh5 34. Qe6+ Bf7
35. Qf6 Bg6 36. Re3 Rf7 37. Qe6 Qd7 38. Rb1 Rxb1+ 39. Bxb1 Qb5 40. Re1 Qb2 41.
f3 Qb6+ 42. Kh2 a5 43. Bc2 Na6 44. Ba4 Nc5 45. Be3 Qd8 46. Qe8+ Qxe8 47. Bxe8
Rc7 48. Bc6 Kf8 49. Rb1 Nd7 50. Kg3 Be8 51. Kh4 Kf7 52. Rc1 Nb8 53. Bb6 Rxc6
54. dxc6 Nxc6 55. Rxc4 Ke6 56. g3 d5 57. exd5+ Kxd5 58. Rc5+ Kd6 59. Kg5 Bg6
60. f4 exf4 61. gxf4 1/2-1/2

[Event "Ostravský koník 2014 - FIDE Open veteránù"]
[Site "Ostrava, CZE"]
[Date "2014.05.01"]
[Round "6"]
[White "Kostal, Otakar"]
[Black "Jancalek, Jan"]
[Result "1-0"]
[WhiteElo "2008"]
[BlackElo "1783"]
[PlyCount "103"]

1. d4 Nf6 2. Nd2 e6 3. e3 g6 4. Bd3 Bg7 5. f4 Nc6 6. c3 O-O 7. e4 d6 8. Ngf3 a6
9. Nf1 Bd7 10. Bd2 Kh8 11. Qe2 Re8 12. h3 Re7 13. g4 Qe8 14. Ng3 Ng8 15. g5 f5
16. gxf6 Nxf6 17. Qg2 Nd8 18. O-O-O c5 19. e5 dxe5 20. fxe5 Ng8 21. dxc5 Bc6
22. Ne4 Nf7 23. Bf4 Ngh6 24. Nd6 Qf8 25. Ne4 Nf5 26. Rhe1 Bh6 27. Qd2 Rd8 28.
Bxh6 N5xh6 29. Qe2 Bxe4 30. Bxe4 Nf5 31. Rxd8 Qxd8 32. Qc4 Qc7 33. Bc2 Qc6 34.
Nd4 Nxd4 35. cxd4 Rd7 36. Bb3 Ng5 37. Qf1 Qf3 38. h4 Qxf1 39. Rxf1 Ne4 40. Bxe6
Rxd4 41. Rf8+ Kg7 42. Rf7+ Kh6 43. Rc7 Rd8 44. Bc8 Re8 45. e6 a5 46. e7 Kh5 47.
Bxb7 Nf6 48. Bc6 Rb8 49. e8=Q Nxe8 50. Rxh7+ Kg4 51. Rh8 Rc8 52. Bd7+ 1-0

[Event "Ostravský koník 2014 - FIDE Open veteránù"]
[Site "Ostrava, CZE"]
[Date "2014.05.01"]
[Round "6"]
[White "Tejkal, Jiri"]
[Black "Herman, Pavel"]
[Result "1-0"]
[WhiteElo "1942"]
[BlackElo "1706"]
[PlyCount "91"]

1. d4 Nf6 2. Nf3 e6 3. c4 c5 4. d5 exd5 5. cxd5 d6 6. Nc3 Bd7 7. e4 a6 8. a4
Qe7 9. Bd3 h6 10. h3 g5 11. Nd2 Bg7 12. Nc4 O-O 13. O-O g4 14. h4 Nh5 15. g3 b5
16. Nb6 Bd4 17. Kg2 c4 18. Nxa8 cxd3 19. Qxd3 Qf6 20. axb5 axb5 21. Ne2 Bc5 22.
Nc7 b4 23. Nf4 Ng7 24. Na6 Nxa6 25. Rxa6 Rb8 26. Ra5 Qd8 27. Rxc5 dxc5 28. Re1
Bb5 29. Qd2 Qf6 30. Kg1 Qe5 31. Ng2 Rb6 32. Qe3 Qd6 33. b3 Ra6 34. Nf4 c4 35.
bxc4 Bxc4 36. Qd4 Bb5 37. Bb2 f6 38. e5 fxe5 39. Rxe5 Qd7 40. Nh5 Nxh5 41. Rxh5
Qh7 42. Qxg4+ Qg6 43. Qd4 Bd7 44. Re5 Ra2 45. Re1 Ra6 46. Re7 1-0

[Event "Ostravský koník 2014 - FIDE Open veteránù"]
[Site "Ostrava, CZE"]
[Date "2014.05.01"]
[Round "6"]
[White "Novotny, Petr"]
[Black "Rechtenberg, Karel"]
[Result "1/2-1/2"]
[WhiteElo "1661"]
[BlackElo "1903"]
[PlyCount "43"]

1. c4 c5 2. Nc3 Nf6 3. g3 Nc6 4. Nf3 d6 5. Bg2 g6 6. O-O Bg7 7. d3 O-O 8. Rb1
Rb8 9. e4 Bd7 10. Re1 e5 11. Be3 a6 12. h3 h6 13. a3 b5 14. Nd5 Kh7 15. Bd2 a5
16. Nxf6+ Bxf6 17. cxb5 Rxb5 18. Bc3 Qc7 19. Nd2 Bg7 20. Kh2 Rfb8 21. Nc4 Rb3
22. Nd2 1/2-1/2

[Event "Ostravský koník 2014 - FIDE Open veteránù"]
[Site "Ostrava, CZE"]
[Date "2014.05.01"]
[Round "6"]
[White "Pokora, Lubomir"]
[Black "Kanovsky, Jan"]
[Result "1-0"]
[WhiteElo "1892"]
[BlackElo "1728"]
[PlyCount "69"]

1. e4 e5 2. Nf3 Nc6 3. Bb5 a6 4. Ba4 Nf6 5. d4 exd4 6. O-O b5 7. Bb3 d6 8. Ng5
Be6 9. Bxe6 fxe6 10. Nxe6 Qe7 11. Nxd4 Nxd4 12. Qxd4 g6 13. f3 Bg7 14. Qd3 O-O
15. Nc3 Nd7 16. Nd5 Qd8 17. Nf4 Qe7 18. Qd5+ Kh8 19. c3 Rfe8 20. Rd1 Be5 21.
Nd3 Bg7 22. Bg5 Nf6 23. Qb3 Qe6 24. Qxe6 Rxe6 25. Nf4 Re7 26. Bxf6 Bxf6 27. Nd5
Rf7 28. a4 Rb8 29. axb5 axb5 30. Ra7 Bd8 31. Nb4 Rb6 32. Ra8 Rf8 33. Na6 Kg7
34. Nc5 Re8 35. Nd7 1-0

[Event "Ostravský koník 2014 - FIDE Open veteránù"]
[Site "Ostrava, CZE"]
[Date "2014.05.01"]
[Round "6"]
[White "Folta, Frantisek"]
[Black "Puobis, Jozef"]
[Result "1/2-1/2"]
[WhiteElo "1812"]
[BlackElo "1869"]
[PlyCount "48"]

1. c4 e5 2. Nc3 Nf6 3. g3 d5 4. cxd5 Nxd5 5. Bg2 Nxc3 6. bxc3 Nc6 7. Qc2 Bd6 8.
Nf3 O-O 9. O-O Be6 10. d4 exd4 11. cxd4 Qc8 12. Ng5 Bf5 13. Qb2 h6 14. Ne4 Bd7
15. Be3 Rb8 16. Rac1 Bh3 17. d5 Bxg2 18. Kxg2 Qf5 19. Nc3 Nb4 20. Rfd1 a5 21.
a3 Na6 22. Bd4 c5 23. e4 Qd7 24. Be5 b5 1/2-1/2

[Event "Ostravský koník 2014 - FIDE Open veteránù"]
[Site "Ostrava, CZE"]
[Date "2014.05.01"]
[Round "6"]
[White "Spala, Jiri"]
[Black "Sipl, Frantisek"]
[Result "1/2-1/2"]
[WhiteElo "1000"]
[BlackElo "1836"]
[PlyCount "26"]

1. d4 Nf6 2. Nf3 e6 3. c4 c6 4. Nc3 d5 5. Bg5 Be7 6. e3 O-O 7. Rc1 Nbd7 8. Bd3
dxc4 9. Bxc4 Nb6 10. Bd3 Nbd5 11. O-O Nxc3 12. bxc3 Nd5 13. Bxe7 Qxe7 1/2-1/2

[Event "Ostravský koník 2014 - FIDE Open veteránù"]
[Site "Ostrava, CZE"]
[Date "2014.05.01"]
[Round "6"]
[White "Jaros, Bohumil"]
[Black "Chlevistan, Jaromir"]
[Result "1/2-1/2"]
[WhiteElo "2000"]
[BlackElo "1581"]
[PlyCount "86"]

1. e4 c6 2. d4 d5 3. exd5 cxd5 4. Bd3 Nf6 5. f3 Nc6 6. c3 e6 7. Ne2 Be7 8. O-O
O-O 9. Bg5 h6 10. Bh4 Qb6 11. b3 Qc7 12. Bc2 g5 13. Bg3 Bd6 14. Bxd6 Qxd6 15.
Ng3 Ne7 16. Re1 Bd7 17. Qe2 Bc6 18. Nd2 b5 19. Rad1 Qc7 20. Bd3 a6 21. Rc1 Qd6
22. Qe3 Rfe8 23. Qf2 Bd7 24. Re5 Nc6 25. Re2 Kg7 26. Rce1 Rg8 27. Rf1 Qf4 28.
Nh1 Kf8 29. g3 Qd6 30. f4 gxf4 31. Qxf4 Qxf4 32. Rxf4 Ne8 33. Ref2 Nd6 34. Nf3
f5 35. Nd2 Ke7 36. Re2 Kd8 37. Nf2 Kc7 38. Kf1 Raf8 39. Ke1 Nd8 40. Nf3 Ne4 41.
Bxe4 fxe4 42. Rxf8 Rxf8 43. Ne5 Be8 1/2-1/2

[Event "Ostravský koník 2014 - FIDE Open veteránù"]
[Site "Ostrava, CZE"]
[Date "2014.05.01"]
[Round "6"]
[White "Micka, Jaroslav"]
[Black "Biza, Miroslav"]
[Result "1-0"]
[WhiteElo "1837"]
[BlackElo "1928"]
[PlyCount "57"]

1. e4 Nf6 2. e5 Nd5 3. d4 d6 4. c4 Nb6 5. f4 Bf5 6. Nf3 dxe5 7. fxe5 e6 8. Nc3
Be7 9. Be2 O-O 10. O-O f6 11. exf6 Bxf6 12. Be3 Nc6 13. Qd2 Qe7 14. Rad1 Rad8
15. Qe1 Nb4 16. Qf2 Nc2 17. Rd2 Nxe3 18. Qxe3 c5 19. dxc5 Rxd2 20. Qxd2 Bxc3
21. Qxc3 Qxc5+ 22. Kh1 Nd7 23. a3 Nf6 24. b4 Ne4 25. Qxg7+ Kxg7 26. bxc5 Rc8
27. Nd4 Rxc5 28. g4 e5 29. Nxf5+ 1-0

[Event "Ostravský koník 2014 - FIDE Open veteránù"]
[Site "Ostrava, CZE"]
[Date "2014.05.01"]
[Round "6"]
[White "Koudelka, Milos"]
[Black "Plesnik, Miroslav"]
[Result "1/2-1/2"]
[WhiteElo "1758"]
[BlackElo "1877"]
[PlyCount "31"]

1. e4 e6 2. d4 d5 3. Nd2 Nf6 4. Bd3 dxe4 5. Nxe4 Nbd7 6. Bg5 Be7 7. Bxf6 Nxf6
8. Nxf6+ Bxf6 9. c3 O-O 10. Qc2 g6 11. Nf3 e5 12. dxe5 Qe7 13. O-O-O Bxe5 14.
Nxe5 Qxe5 15. h4 c5 16. Kb1 1/2-1/2